000 00709nam a22001817a 4500
003 UA-OsUOA
001 10370
007 ta
008 20050116b un ||||| |||| 00| 0 ukr d
100 _aТубіна С.
942 _cSA
040 _aUA-OsUOA
_cUA-OsUOA
_dUA-OsUOA
245 _aДушпастир, винахідник і поет
_b[Настоятель Свято-Михайлівської церкви с. Люхча Сарнен. р-ну отець Леонід працює інженером-конструктором і пише вірші]
300 _aС.1, 2
955 _a0
773 0 _w0
_tВісті Рівненщини
_dРівне
_d2005
_g№2/7 січ./
650 7 _aРелігія
_2UDC
999 _c296531
_d296531